000 00310nam a2200109Ia 4500
008 160531s9999 xx 000 0 und d
100 _aBiswas, Soham.
245 _aNovel Dynamical Phenomena In Magnetic Systems
245 _cby Soham Biswas
260 _c2016
856 _uhttp://arxiv.org/pdf/1603.01646v1.pdf
999 _c295284
_d295284